000 02378nam a22003257a 4500
005 20120827153031.0
008 120827t xxu||||| |||| 00| 0 hin d
010 _aHIN-96511-13 B-492442-444
020 _a9788176672535
_c900.00 (पहला भाग)
020 _a9788176672542
_c800.00 (दूसरा भाग)
020 _a9788176672559
_c800.00 (तीसरा भाग)
035 _aHN-68857-59 B-492442-444
037 _bयू.बी.एच.
082 _a
100 _aहृदयेश
_951567
245 _aसम्पूर्ण कहानियां /
_cहृदयेश
246 _aSampoorna Kahaniyan
_bby Hridyesh
260 _aदिल्ली
_bभावना प्रकाशन
_c2011
270 _a109-ए, पटपड़गंज
_bदिल्ली
_e110091
_k22756734
300 _a3भाग(भाग-1,616पृ.भाग-2,560पृ.भाग-3552पृ.)
_c22सेमी (सजिल्द)
650 _aलघु कथाएँ, हिन्दी
_91169
942 _2ddc
_cHN
_h
_mहृदये
999 _c69377
_d69377